000 00359nam a2200157Ia 4500
003 LK-CoDNM
008 010623t2010 xxu||||| |||| 00| 1 sin d
040 _aLK-CoDNM
_dLK-CoDNM
_eLK-CoDNM
041 _asin
080 _a294.3 WAN
245 _aවන්දනා
246 _aWandana
260 _bS.n.
_aS.I.
_c2010
300 _b36, 21 cm
942 _cBK
999 _c130295
_d130295